Lý luận chính trị

Đã lưu trong:
Sonraí Bibleagrafaíochta
Príomhúdar: Học viện Chính trị - Hành chính quốc gia Hồ Chí Minh
Formáid: Leabhar
Teanga:Undetermined
Foilsithe: Thành phố Hồ Chí Minh
Ábhair:
Rochtain Ar Líne:http://lrc.tdmu.edu.vn/opac/search/detail.asp?aID=2&ID=6842
Clibeanna: Cuir Clib Leis
Gan Chlibeanna, Bí ar an gcéad duine leis an taifead seo a chlibeáil!
Thư viện lưu trữ: Trung tâm Học liệu Trường Đại học Thủ Dầu Một
LEADER 00647nam a2200157Ia 4500
001 TDMU_6842
008 210410s9999 xx 000 0 und d
082 |a NULL 
100 |a Học viện Chính trị - Hành chính quốc gia Hồ Chí Minh 
245 0 |a Lý luận chính trị 
245 0 |c Học viện Chính trị - Hành chính quốc gia Hồ Chí Minh 
260 |a Thành phố Hồ Chí Minh 
300 |a 92tr 
650 |a Tạp chí Lý luận Chính trị  
856 |u http://lrc.tdmu.edu.vn/opac/search/detail.asp?aID=2&ID=6842 
980 |a Trung tâm Học liệu Trường Đại học Thủ Dầu Một